000 00681nam a2200289Ia 4500
005 20260324122020.0
008 008 260324s9999 xx 000 0 eng d
020 _a9780203845257
037 _aEBOOK
040 _aCRL
040 _beng
040 _cCRL
041 _2eng
041 _aeng
084 _qCRL
100 _aJ.D. Applen
_91164779
245 0 _aWriting for the Web
245 0 _bComposing, Coding, and Constructing Web Sites
260 _bTaylor and Francis
260 _c2013
365 _a
365 _b230
856 _uhttp://www.taylorfrancis.com/books/9780203845257
942 _cEBOOK
999 _c1757216
_d1757216